ARRUPE JESUIT UNIVERSITY

CORONAVIRUS -STOP THE SPREAD - CLEAN,DISINFECT,COVER

Readings in child development and relationships / (Record no. 126730)

MARC details
000 -LEADER
fixed length control field 00857pam a2200265 i 4500
001 - CONTROL NUMBER
control field 3179205
003 - CONTROL NUMBER IDENTIFIER
control field ARRUPE
005 - DATE AND TIME OF LATEST TRANSACTION
control field 20170822102316.0
008 - FIXED-LENGTH DATA ELEMENTS--GENERAL INFORMATION
fixed length control field 760513s1977 nyua b 001 0 eng
010 ## - LIBRARY OF CONGRESS CONTROL NUMBER
LC control number 76015956
020 ## - INTERNATIONAL STANDARD BOOK NUMBER
International Standard Book Number 002412110X
040 ## - CATALOGING SOURCE
Original cataloging agency DLC
Transcribing agency DLC
Modifying agency DLC
050 00 - LIBRARY OF CONGRESS CALL NUMBER
Classification number BF721
Item number .S5714 1977
082 00 - DEWEY DECIMAL CLASSIFICATION NUMBER
Classification number 155.4/08
300 ## - PHYSICAL DESCRIPTION
Other physical details ill. ;
Dimensions 24 cm.
100 1# - MAIN ENTRY--PERSONAL NAME
Personal name Smart, Russell Cook,
9 (RLIN) 35015
245 10 - TITLE STATEMENT
Title Readings in child development and relationships /
Statement of responsibility, etc Russell C. Smart and Mollie S. Smart.
250 ## - EDITION STATEMENT
Edition statement 2d ed.
260 ## - PUBLICATION, DISTRIBUTION, ETC. (IMPRINT)
Place of publication, distribution, etc New York :
Name of publisher, distributor, etc Macmillan Publishing,
Date of publication, distribution, etc c1977.
300 ## - PHYSICAL DESCRIPTION
Extent xviii, 477 p. :
504 ## - BIBLIOGRAPHY, ETC. NOTE
Bibliography, etc Includes bibliographies and indexes.
650 #0 - SUBJECT ADDED ENTRY--TOPICAL TERM
Topical term or geographic name as entry element Child psychology.
9 (RLIN) 6749
650 #0 - SUBJECT ADDED ENTRY--TOPICAL TERM
Topical term or geographic name as entry element Adolescent psychology.
9 (RLIN) 35016
700 1# - ADDED ENTRY--PERSONAL NAME
Personal name Smart, Mollie Stevens.
9 (RLIN) 35017
906 ## - LOCAL DATA ELEMENT F, LDF (RLIN)
a 7
b cbc
c orignew
d 1
e ocip
f 19
g y-gencatlg
942 ## - ADDED ENTRY ELEMENTS (KOHA)
Source of classification or shelving scheme Library of Congress Classification
Koha item type Monograph ( Printed materials)
Holdings
Withdrawn status Lost status Source of classification or shelving scheme Damaged status Not for loan Collection code Home library Current library Shelving location Date acquired Total Checkouts Full call number Barcode Date last seen Price effective from Koha item type
    Library of Congress Classification     Main Collection ARRUPE LIBRARY ARRUPE LIBRARY Main Collection 22/08/2017   BF721 .S5714 1977 46500023523 22/08/2017 22/08/2017 Monograph ( Printed materials)

 

Arrupe Library. PO Box MP320 Mt Pleasant, Harare, Zimbabwe
263 242 745411|librarian@aju.ac.zw